| 000 | 00914nam a2200229 a 4500 | ||
|---|---|---|---|
| 001 | BRCA_9040 | ||
| 005 | 20190320210513.0 | ||
| 008 | 160817s1772----it-#######---#000-0#lat-# | ||
| 041 | _alat | ||
| 044 | _ait | ||
| 084 |
_aCO28 _b.F47 1772 |
||
| 100 | 1 |
_aFerraris, Lucius _d1763 _922407 |
|
| 245 | 1 | 0 |
_aAdm. Rev. P. F. Lucii Ferraris prompta biblioteca canonica, jurídica, moralis, theologica nec non ascética, polémica, rubricistica, histórica... _btomus quintus : m - o. |
| 260 |
_aVenetiis _bApud Gasparem Storti _c1772 |
||
| 300 |
_aIV, 592 p. (t.5) _c24.5 x 19.6 cm |
||
| 500 | _aSuperiorum permissu, ac Privilegio | ||
| 500 | _aEstado físico: presentan encuadernación en pergamino con cintas rotas, algunas hojas manchadas y lomo semi desprendido | ||
| 505 | 0 | _aTomus quintus M - O | |
| 650 | 1 | 4 |
_aIglesia católica _vdiccionario _yObras anteriores a 1800 _922408 |
| 902 | _aCFM | ||
| 942 |
_2lcc _cB |
||
| 999 |
_c8690 _d8690 |
||